书目信息 |
| 题名: |
中学语文段落教学
|
|
| 作者: | 姚德嚾 著 | |
| 分册: | ||
| 出版信息: | 北京 光明日报出版社 1988.12 |
|
| 页数: | 125页 | |
| 开本: | 19厘米 | |
| 丛书名: | 北京教育丛书 | |
| 单 册: | ||
| 中图分类: | G633.4 , G633.3 | |
| 科图分类: | 38.7341 | |
| 主题词: | 语文-段落--中学--教学参考资料 , 段落-语文--中学--教学参考资料 | |
| 电子资源: | ||
| ISBN: | 7-80014-312-0 | |
| 000 | 01011nam2 2200289 45 | |
| 001 | 0190013246 | |
| 005 | 20070714095210.34 | |
| 010 | @a7-80014-312-0@dCNY1.30 | |
| 100 | @a19921222d1988 em y0chiy0121 ea | |
| 101 | 0 | @achi |
| 102 | @aCN@b110000 | |
| 105 | @ay z 000yy | |
| 200 | 10 | @a中学语文段落教学@AZHONG XUE YU WEN DUAN LUO JIAO XUE@f姚德嚾著@FYAO DE RAO ZHU |
| 210 | @a北京@c光明日报出版社@d1988.12 | |
| 215 | @a125页@d19厘米 | |
| 225 | 2 | @a北京教育丛书@f徐惟诚主编 |
| 330 | @a本书从“段及其构成”到“按段成篇”,系统地阐述了由句过度到篇的读写问题,并对语文基础知识教学中一向被忽视的段落知识的教学问题进行较深入的研究。 | |
| 410 | 0 | @120010@a北京教育丛书 |
| 540 | 1 | @a中学 语文 段落 教学@AZHONG XUE YU WEN DUAN LUO JIAO XUE |
| 606 | @a语文-段落@x中学@x教学参考资料 | |
| 606 | @a段落-语文@x中学@x教学参考资料 | |
| 690 | @aG633.4@v三版 | |
| 690 | @aG633.3@v3 | |
| 692 | @a38.7341 | |
| 701 | 0 | @a姚德嚾@AYAO DE RAO@4著 |
| 801 | 0 | @aCN@bTSSF@c20070714 |
| 905 | @a10447@dG633.3@e520 | |
| 中学语文段落教学/姚德嚾著.-北京:光明日报出版社,1988.12 |
| 125页;19厘米.-(北京教育丛书/徐惟诚主编) |
| ISBN 7-80014-312-0:CNY1.30 |
| 本书从“段及其构成”到“按段成篇”,系统地阐述了由句过度到篇的读写问题,并对语文基础知识教学中一向被忽视的段落知识的教学问题进行较深入的研究。 |
| ● |
| 相关链接 |
|
|
|
|
正题名:中学语文段落教学
索取号:G633.3/520
 
预约/预借
| 序号 | 登录号 | 条形码 | 馆藏地/架位号 | 状态 | 备注 |
| 1 | 0765868 | 207658685 | 第一样本阅览室/ [索取号:G633.3/520] | 在馆 |